Dalí o el antioscurantismo /

Escrito por Crevel y publicado en 1931, este ensayo interpretativo de la pintura de Dalí refleja el ambiente exaltado y revolucionario del movimiento surrealista, durante la etapa que participó el artista catalán.

保存先:
書誌詳細
第一著者: Dalí, Salvador (pintor)
その他の著者: Crevel, René (texto) (texto), Llop, José Carlos (prólogo) (prólogo)
フォーマット: 図書
言語:スペイン語
出版事項: Palma de Mallorca, España : José J. de Olañeta, 2003, c2003
版:2a edición
シリーズ:(El Barquero ; 24)
主題:
タグ: タグ追加
タグなし, このレコードへの初めてのタグを付けませんか!

MARC

LEADER 00000nam^a2200000^a^4500
001 000176234
005 20250521000000.0
009 20260310101633.698
020 |a 84-9716-229-3 
037 |a Acervo ITESO - Biblioteca 
041 |a ESP 
082 |a 759. 6  |b DAL CRE 
100 |a Dalí, Salvador  |e (pintor) 
245 1 0 |a Dalí o el antioscurantismo /  |c Pintor S. Dalí ; texto de R. Crevel ; fotografía de André Caillet ; pról. de J.C. Llop ; tr. por Ramón Molina. 
250 |a 2a edición 
264 4 |a Palma de Mallorca, España :  |b José J. de Olañeta,  |c 2003, c2003 
300 |a 54 p., X láminas 
336 |a texto  |b txt  |2 rdacontenido 
337 |a sin mediación  |b n  |2 rdamedio 
338 |a volumen  |b nc  |2 rdasoporte 
440 4 |a (El Barquero ;  |v 24) 
500 |a Traducción de: Dali ou l'anti-obscurantisme 
520 |a Escrito por Crevel y publicado en 1931, este ensayo interpretativo de la pintura de Dalí refleja el ambiente exaltado y revolucionario del movimiento surrealista, durante la etapa que participó el artista catalán. 
545 0 |a El artista catalán Salvador Dalí (1904-1989), cuya obra creativa atraviesa la pintura, el grabado, la escultura, el diseño de joyas, la ilustración de libros y trabajos para teatro y cine, es quizás el más conocido de los exponentes del surrealismo. Tras cursar estudios inconclusos en la Academia de Bellas Artes de Madrid (1921-1924) y haber alcanzado un gran éxito con una exposición individual en Barcelona (1925), que provocó la admiración de Pablo Picasso, Dalí viajó por vez primera a París y experimentó con una amplia variedad de estilos, hasta ser seducido por la corriente surrealista. Ingresó al movimiento con una exposición presentada en 1929 en la galería parisina Camille Goemans, cuyo catálogo contó con un prefacio escrito por André Breton, y colaboró con Luis Buñuel en la realización de los célebres filmes Un perro andaluz (1929) y La edad de oro (1930). El artista catalán definía sus obras como "fotografías de sueño pintadas a mano", que muestran una minuciosa técnica académica. Tras ser expulsado por Breton de las filas surrealistas (1939), destacan sus pinturas de temática religiosa, aunque nunca abandonó su predilección por los motivos sexuales y la figura de su mujer, Gala. Autor de la novela Rostros secretos (1944) y de varios volúmenes autobiográficos, el primero La vida secreta de Salvador Dalí (1942), el artista catalán tiene varios museos dedicados a él, entre los que se cuentan los de Cleveland y Saint Petersburg, en Estados Unidos, y el de su localidad natal de Figueras. 
545 0 |a Nacido en París en 1900, René Crevel se adhirió al movimiento surrealista cuando contaba con sólo veinte años de edad. Autor de ¿Estáis locos? (1929) y de Los pies en el plato (1933), escribió largos textos poemáticos en prosa que secundaban las consignas oníricas de Andre Breton y otros teóricos del surrealismo. Amigo de Salvador Dalí durante los años que el pintor español vivió en Francia, publicó en 1931 el ensayo Dalí o el oscurantismo. Agotado y asqueado tras los enfrentamientos entre los surealistas y los organizadores del Congreso de Escritores para la Defensa de la Cultura, Crevel se suicidó en 1935. 
649 |a XX 
650 |a Pintores Catalanes 
650 |a Pintores Españoles 
650 |a Artistas Catalanes 
650 |a Artistas Españoles 
650 |a Ensayos Franceses 
650 |a Pintura y Literatura 
650 |a Literatura Francesa -  |y Siglo XX 
650 |a Surrealismo -  |z Cataluña, España -  |x Historia y Crítica 
650 |a Surrealismo -  |z España -  |x Historia y Crítica 
650 |a Surrealismo -  |x Historia y Crítica 
650 |a Pintura Moderna -  |z Cataluña, España -  |x Historia y Crítica 
650 |a Pintura Moderna -  |z España -  |x Historia y Crítica 
650 |a Pintura Moderna -  |x Historia y Crítica 
650 |a Pintura Catalana -  |x Historia y Crítica 
650 |a Pintura Española -  |x Historia y Crítica 
650 |a Arte Moderno -  |z Cataluña, España -  |x Historia y Crítica 
650 |a Arte Moderno -  |z España -  |x Historia y Crítica 
650 |a Arte Moderno -  |x Historia y Crítica 
650 |a Arte Catalán -  |x Historia y Crítica 
650 |a Arte Español -  |x Historia y Crítica 
650 |a Dalí, Salvador -  |x Tema Principal 
700 |a Crevel, René  |e (texto) 
700 |a Llop, José Carlos  |e (prólogo) 
910 |a Fondo General 
920 |a Impresos - Libros 
930 |a Reserva Especial 
905 |a 103 
901 |a 0500114642  |b IT1  |c REE  |u 20250521 
902 |a https://opac.biblio.iteso.mx/vufind/Record/000176234